Juan Salvador Gaviota: un relato
Збережено в:
| Автор: | |
|---|---|
| Формат: | Книга |
| Мова: | Іспанська |
| Опубліковано: |
Buenos Aires
Javier Vergara Editor
1986
|
| Редагування: | 1a. ed |
| Предмети: | |
| Теги: |
Додати тег
Немає тегів, Будьте першим, хто поставить тег для цього запису!
|
MARC
| LEADER | 00000nam a2200000 a 4500 | ||
|---|---|---|---|
| 001 | UCH4170 | ||
| 003 | CL-VaPUC | ||
| 008 | 090818e19860000AG |||||||||||||||||spa|d | ||
| 020 | |a 9501505790 | ||
| 082 | 0 | 4 | |a 813 |b BAC |2 21 |
| 100 | 0 | |a Bach, Richard O |e author |9 539635 | |
| 245 | 1 | 0 | |a Juan Salvador Gaviota: un relato |
| 250 | |a 1a. ed | ||
| 300 | |a 127 p | ||
| 942 | |c BK | ||
| 945 | |d 20090818 00:00:00 |a ccalabra | ||
| 260 | |a Buenos Aires |b Javier Vergara Editor |c 1986 | ||
| 650 | 0 | |a Literatura inglesa |9 312907 | |
| 650 | 7 | |a NOVELAS |2 CL-VaPUC |9 333250 | |
| 650 | 0 | |a Ficción |9 376687 | |
| 650 | 0 | |a Escritores |9 313723 | |
| 651 | 0 | |a Estados Unidos |9 255178 | |
| 583 | |a last modification |c 20090818 00:00:00 |k Rodrigo Vera | ||
| 999 | |c 335507 |d 335505 | ||